La Mostra

محفوظ في:
التفاصيل البيبلوغرافية
المؤلف الرئيسي: Claudio
التنسيق: كتاب
اللغة:لغة غير معروفة
منشور في: Garzanti Elefanti
الوسوم: إضافة وسم
لا توجد وسوم, كن أول من يضع وسما على هذه التسجيلة!

MARC

LEADER 00000nam a2200000Ia 4500
001 R-607
003 CODICE-MESSINA
005 20260212102454.0
008 260211s9999 xx 000 0 und d
040 |c importazione_messina 
100 |a Claudio 
245 0 |a La Mostra 
260 |b Garzanti Elefanti 
942 |2 ddc  |c BK 
952 |0 0  |1 0  |2 ddc  |4 0  |6 SCAFFALE_5_000000000000000__ROMANZI  |7 0  |9 31428  |a ME  |b ME  |d 2026-02-11  |l 0  |o SCAFFALE 5 - ROMANZI  |p R-607  |r 2026-02-11 23:52:33  |w 2026-02-11  |x [REVISIONARE]  |y BK 
999 |c 27093  |d 27093